The oxford companion to politics in India / (Record no. 41473)
[ view plain ]
| 000 -LEADER | |
|---|---|
| fixed length control field | 00955nam a22002417a 4500 |
| 005 - DATE AND TIME OF LATEST TRANSACTION | |
| control field | 20100812165226.0 |
| 010 ## - LCCN (DPL NO) | |
| LC control number | ENG-99886 |
| 020 ## - INTERNATIONAL STANDARD BOOK NUMBER | |
| International Standard Book Number | 0195669762 |
| Terms of availability | 3500.00 |
| 020 ## - INTERNATIONAL STANDARD BOOK NUMBER | |
| International Standard Book Number | 9780195669763 |
| Terms of availability | 3500.00 |
| 035 ## - SYSTEM CONTROL NUMBER | |
| System control number | EN-83418 |
| 037 ## - SOURCE OF ACQUISITION | |
| Source of stock number/acquisition | DBAD/PUB |
| 082 ## - DEWEY DECIMAL CLASSIFICATION NUMBER | |
| Classification number | 320.954 |
| 245 ## - TITLE STATEMENT | |
| Title | The oxford companion to politics in India / |
| Statement of responsibility, etc | edited by Niraja Gopal Jayal [and] Pratap Bhanu Mehta |
| 260 ## - PUBLICATION, DISTRIBUTION, ETC. (IMPRINT) | |
| Place of publication, distribution, etc | New Delhi |
| Name of publisher, distributor, etc | Oxford University Press |
| Date of publication, distribution, etc | 2010 |
| 270 ## - ADDRESS | |
| Address | YMCA Library BUilding, Jai Singh Road |
| City | New Delhi |
| Postal code | 110001 |
| 300 ## - PHYSICAL DESCRIPTION | |
| Extent | xxvi, 618p. |
| Dimensions | 29cm (Hb) |
| 500 ## - GENERAL NOTE | |
| General note | includes bibliographical references and index |
| 650 ## - SUBJECT ADDED ENTRY--TOPICAL TERM | |
| Topical term or geographic name as entry element | Politics & government |
| 700 ## - ADDED ENTRY--PERSONAL NAME | |
| Personal name | Jayal, Niraja Gopal |
| 9 (RLIN) | 12039 |
| 700 ## - ADDED ENTRY--PERSONAL NAME | |
| Personal name | Mehta, Pratap Bhanu |
| 9 (RLIN) | 12084 |
| 942 ## - ADDED ENTRY ELEMENTS (KOHA) | |
| Source of classification or shelving scheme | Dewey Decimal Classification |
| Item type | English Books |
| Classification part | 320.954 |
| Call number suffix | OXF |
| Withdrawn status | Lost status | Not for loan | Collection code | Home library | Current library | Date acquired | Source of acquisition | Cost, normal purchase price | Full call number | Barcode | Copy number | Cost, replacement price | Koha item type |
|---|---|---|---|---|---|---|---|---|---|---|---|---|---|
| Not For Loan | Non-fiction | D.B.Act.Division | D.B.Act.Division | 12/08/2010 | DBAD/PUB | 3500.00 | 320.954 OXF | EN-83418 | 1 | 3500.00 | English Books |
